00345nam a22000857a 4500008004100000082002000041245012600061260006200187300001000249230605b xxu||||| |||| 00| 0 eng d a328.07155bCPST aCapacity Building or Legislative Staff: Cross-Cutting IssuesbA Manal of the Center of Parliamentary Studies and Training aKenyabCenter of Parliamentary Studies and Trainingc2015 a158 p